| 000 | 00911nam a2200217 a 4500 | ||
|---|---|---|---|
| 003 | 0 | ||
| 005 | 20250310150818.0 | ||
| 008 | 080827s19uu xx 00 eng d | ||
| 050 |
_aPGS LB 1065.3 _b.M277 2008 |
||
| 100 | _aMangila, Danee Coline E. | ||
| 245 |
_aTime management skills of middle school students with and without after class activities / _cDanee Coline E. Mangila. |
||
| 260 |
_aLas PiƱas City, Philippines : _bSouthville International School and Colleges, _c2008. |
||
| 300 |
_a36 pages : _billustrations ; _c28 cm. |
||
| 504 | _aIncludes bibliographical references. | ||
| 650 |
_aTime management _vStudents. |
||
| 650 |
_aMiddle school students _vTime management. |
||
| 650 |
_aAfter-school activities _vEffects on student performance. |
||
| 650 |
_aStudy habits _vTime allocation. |
||
| 650 |
_a Extracurricular activities _vImpact on academic achievement. |
||
| 942 |
_2lcc _cPASS |
||
| 999 |
_c98035 _d98035 |
||